Auction laws of Malaysia : (as at 25th September 1995)

Bibliographic Details
Format: Book
Published: Kuala Lumpur : International Law Book Services , 1995
Subjects:

MARC

LEADER 00000cam a2200000 7i4500
001 0000008471
005 20030123.0
020 |a 9678903652 
040 |a INS 
090 0 0 |a KPG865.5   |b A28 1995 
245 1 0 |a Auction laws of Malaysia :   |b (as at 25th September 1995)   |c compiled by Legal Research Board 
260 |a Kuala Lumpur :   |b International Law Book Services ,   |c 1995 
300 |a 44p.. ;   |c 24 cm. 
650 0 0 |a Auctions   |x Law and legislation   |z Malaysia 
650 0 0 |a Auctions   |z Malaysia 
999 |a 0000008001   |b BOOK   |c Acts   |e Default branch 
999 |a 0000024461   |b BOOK   |c Open Shelf   |e Default branch